<?xml version="1.0" encoding="UTF-8"?><collection xmlns="info:lc/xmlns/marcxchange-v2"><record format="Unimarc" type="bibliographic"><leader>00716cam  2200205   450 </leader><controlfield tag="001">1689076</controlfield><controlfield tag="003">http://id.bnportugal.gov.pt/bib/porbase/1689076</controlfield><controlfield tag="005">20030627145800.0</controlfield><datafield ind1=" " ind2=" " tag="010"><subfield code="a">0-226-48231-6</subfield></datafield><datafield ind1=" " ind2=" " tag="035"><subfield code="9">54875</subfield></datafield><datafield ind1=" " ind2=" " tag="095"><subfield code="a">PTBN00969299</subfield></datafield><datafield ind1=" " ind2=" " tag="100"><subfield code="a">19970325d1992    k  y0pory0103    ba</subfield></datafield><datafield ind1="0" ind2=" " tag="101"><subfield code="a">eng</subfield></datafield><datafield ind1=" " ind2=" " tag="102"><subfield code="a">US</subfield></datafield><datafield ind1="1" ind2=" " tag="200"><subfield code="a">&lt;The &gt;beginnings of western secience</subfield><subfield code="e">&lt;the &gt;european scientific tradition in philosophical, religious, and institutional context, 600 B.C. to A.D. 1450</subfield><subfield code="f">David C. Lindberg</subfield></datafield><datafield ind1=" " ind2=" " tag="210"><subfield code="a">Chicago</subfield><subfield code="c">The University of Chicago Press</subfield><subfield code="d">1992</subfield></datafield><datafield ind1=" " ind2=" " tag="215"><subfield code="a">XVIII, 455 p.</subfield><subfield code="c">il.</subfield><subfield code="d">23 cm</subfield></datafield><datafield ind1=" " ind2=" " tag="675"><subfield code="a">501</subfield><subfield code="v">BN</subfield><subfield code="z">por</subfield><subfield code="3">291199</subfield></datafield><datafield ind1=" " ind2="1" tag="700"><subfield code="a">Lindberg</subfield><subfield code="b">David C.</subfield><subfield code="3">230157</subfield></datafield><datafield ind1=" " ind2="0" tag="801"><subfield code="a">PT</subfield><subfield code="b">BN</subfield><subfield code="g">RPC</subfield></datafield><datafield ind1=" " ind2=" " tag="977"><subfield code="1">501L721b</subfield><subfield code="2">coop</subfield><subfield code="4">UPLE</subfield><subfield code="6">efalt260348</subfield><subfield code="7">bc</subfield><subfield code="8">coop</subfield><subfield code="9">UPLE</subfield><subfield code="b">49168</subfield><subfield code="k">0</subfield></datafield><datafield ind1=" " ind2=" " tag="998"><subfield code="a">PLE58-2796</subfield></datafield></record></collection>